LEADER 00934nam a2200205 i 4500 001 000000244120 003 CaOOAMICUS 005 20150730000000.0 008 150730s1796 it u000 u ita u 013 $a223025 026 $a.*e. illa l'o, tapr (3) 1796 (R) 040 $aSeMil$bita 245 10$aMarzo. 300 $a231, [3] p. 500 $aSegn. : A-I12 K8. 773 0 $aMassini, Carlo $tSeconda raccolta di vite de' santi per ciaschedun giorno dell'anno ovvero Appendice alla raccolta delle vite de' santi si premette la vita della Santissima Vergine Maria madre di Dio.$bNuova edizione riveduta, ed accresciuta dall'autore.$dIn Bassano : A spese di Remondini di Venezia, 1796.$g[4$w()29439 850 $aSeMil 852 $aSeMil$W1$xVenegono$y1$m3H I 113 FA$j194466$B194466$CSeMilBibl$Z2$F205070 $8I 961 $aOmaggio: Biblioteca Seminario Duomo 996 $6245$aMarzo$9(OLS)http://semarc/title/271408 LEADER 01039nam a2200217 i 4500 001 000000027333 003 CaOOAMICUS 005 20180830125447.0 008 180830s1860 it u000 u ita u 040 $aSeMil$bita 100 1 $aNicolas, Jean-Jacques-Auguste <1807-1888>.$0(OLS)http://semarc/name/1449 245 13$aLa Vergine Maria vivente nella Chiesa :$bnuovi studii filosofici sul cristianesimo /$cdi Augusto Nicolas. 260 $aMilano :$bCarlo Turati,$c1860. 300 $a2 v. ;$c19 cm. 650 4$aMadonna - Studi.$0(OLS)http://semarc/subject/1437 650 4$aMariologia.$0(OLS)http://semarc/subject/451 773 0 $tBiblioteca cattolica popolare.$dMilano : Carlo Turati, [185-?]$w()27332 774 0 $tParte 1.$kBiblioteca cattolica popolare$g1$w()43262 774 0 $tParte 2.$kBiblioteca cattolica popolare$g2$w()215708 996 $6245$aLa Vergine Maria vivente nella Chiesa :$bnuovi studii filosofici sul cristianesimo$9(OLS)http://semarc/title/36988 996 $6260$aMilano :$bCarlo Turati$9(OLS)http://semarc/publisher/30121 LEADER 01102nam a2200265 i 4500 001 000000353759 003 CaOOAMICUS 005 20230512113042.0 008 230512s2021 xxu u000 u eng u 020 $a978-0-310-13664-4 040 $aSeMil$bita 100 1 $aAllen, Leslie C.,$d<1935- >.$0(OLS)http://semarc/name/116253 245 10$aPsalms 101-150 /$cLeslie C. Allen. 250 $aRevised edition 264 1$aGrand Rapids, MI :$bZondervan,$c2021. 300 $axxiv, 423 p. ;$c24 cm. 490 1 $aWord biblical commentary ;$v21 650 4$aBibbia. Antico Testamento. Salmi - Commentari, studi, critica, interpretazioni.$0(OLS)http://semarc/subject/289 830 0$aWord biblical commentary ;$v21.$0(OLS)http://semarc/title/40351 850 $aSeMil 852 $aSeMil$W1$xVenegono$y1$m2WA M 21$j240244$B244965$CSeMilBibl$Z2$F244965 $81 996 $6020$a978-0-310-13664-4$9(OLS)http://semarc/number/298139 996 $6245$aPsalms 101-150$9(OLS)http://semarc/title/443873 996 $6264$aGrand Rapids, MI :$bZondervan$9(OLS)http://semarc/publisher/58036